Gentilés de villes de France - Facile - Statistiques

Statistiques générales
  • Ce quiz a été pris 53 fois
  • Le résultat moyen est 15 sur 15
Statistiques - réponses
Ville Gentilé % Correct
Brest Brestois
100%
Grenoble Grenoblois
100%
Lens Lensois
100%
Lille Lillois
100%
Lyon Lyonnais
100%
Marseille Marseillais
100%
Nice Niçois
100%
Paris Parisien
100%
Strasbourg Strasbourgeois
100%
Toulouse Toulousain
100%
Nantes Nantais
98%
Orléans Orléanais
98%
Rennes Rennais
96%
Dijon Dijonais
94%
Montpellier Montpellierain
92%
Aucun quiz correspondant
Distribution des résultats
% des personnes avec chaque résultat
Percentile par nombre de réponses
Votre historique - résultats
Vous n’avez pas pris ce quiz